LEADER 01445nam0 2200325 450 001 000034237 005 20220223161913.0 100 $a20220223d1996----km-y0itay50------ba 101 0 $aeng 102 $aIT 105 $aa-------001yy 200 1 $aSuspect Data in Questionnaires and Auditors' Evaluations in the ISTAT Survey of the Business Accounts System$eEstratto$fClaudio Quintano, Piero Taccini 210 $aPotenza$cRocco Curto Editore$d1996 215 $aP. 487-574$d24 cm 225 2 $aScritti di Statistica Economica$v2 225 2 $aQuaderni di discussione$v11 300 $aIn testa alla copertina: Istituto di Statistica e Matematica. Facoltà di Economia. Istituto universitario navale, Napoli 410 0$aScritti di Statistica Economica$v2 410 0$aQuaderni di discussione$v11 500 10$aSuspect Data in Questionnaires and Auditors' Evaluations in the ISTAT Survey of the Business Accounts System$92596751 610 1 $aAziende$aContabilita$aRevisione$aItalia 610 1 $aISTAT$aIndagini 676 $a657.45$v21$9Revisione contabile 700 1$aQuintano,$bClaudio$0551040 701 1$aTaccini,$bPiero$0117999 801 0$aIT$bUNIPARTHENOPE$c20220223$gRICA$2UNIMARC 912 $a000034237 951 $aSSE-330/11 [III]$bsenza inventario$cNAVA1$d2022 996 $aSuspect Data in Questionnaires and Auditors' Evaluations in the ISTAT Survey of the Business Accounts System$92596751 997 $aUNIPARTHENOPE